000 00430nam a2200193Ia 4500
005 20240823035420.0
008 240823s9999||||xx |||||||||||||| ||und||
020 _a978-0-552-15737-7
041 _aENGLISH
082 _A823.92 P8
100 _aSimon Kernick
245 4 _aThe Business of Dying
250 _a1st
260 _c2008
_bCorgi
500 _aYES
650 _aNovel
_bEnglish
942 _cBK
999 _c200634
_d200634